El Evangelio y el arte: ejercicios espirituales para artistas
Sábháilte in:
| Príomhchruthaitheoirí: | , |
|---|---|
| Formáid: | LEABHAR |
| Teanga: | Spáinnis |
| Foilsithe / Cruthaithe: |
Madrid
Ciudad Nueva
2014
|
| Eagrán: | 1a. ed |
| Ábhair: | |
| Clibeanna: |
Cuir clib leis
Níl clibeanna ann, Bí ar an gcéad duine le clib a chur leis an taifead seo!
|
MARC
| LEADER | 00000cam a2200000 a 4500 | ||
|---|---|---|---|
| 001 | UCD7754 | ||
| 003 | CL-VaPUC | ||
| 008 | 170407e20140000sp |||||||||||||||||spa|d | ||
| 020 | |a 9788497152983 | ||
| 082 | 0 | 4 | |a 230 |b WOJ |2 21 |
| 100 | 0 | |a Wojtyla, Karol |e author |9 352234 | |
| 700 | |a Juan Pablo II |e author |9 309920 | ||
| 245 | 1 | 3 | |a El Evangelio y el arte: ejercicios espirituales para artistas |
| 250 | |a 1a. ed | ||
| 300 | |a 109 p | ||
| 942 | |c BK | ||
| 945 | |d 20170407 16:56:00 |a dcastane | ||
| 260 | |a Madrid |b Ciudad Nueva |c 2014 | ||
| 650 | 0 | |a Meditaciones cristianas |9 401939 | |
| 650 | 7 | |a TEMAS CRISTIANOS |2 CL-VaPUC |9 401940 | |
| 650 | 0 | |a Filosofía del arte |9 264951 | |
| 650 | 0 | |a Filosofía de la religión |9 256017 | |
| 583 | |a last modification |c 20170407 16:56:00 |k Rodrigo Vera | ||
| 999 | |c 367696 |d 367694 | ||
| 952 | |0 0 |1 0 |3 erb |4 0 |6 230_000000000000000_WOJ_2014 |7 0 |8 A |9 482715 |a BIBTEO |b BIBTEO |i 5371805 |o 230 WOJ 2014 |p 5371805 |r 2025-01-17 |w 2019-11-24 |y BK |z Catalogado en:20170407 |k ICR | ||